| 000 | 00660nmc a2200241 a 4500 | ||
|---|---|---|---|
| 003 | AR-BaBNM | ||
| 005 | 20251128203449.0 | ||
| 008 | 107119s1981 ||||||||||||||000 | spa|| | ||
| 040 | _cAR-BaBNM | ||
| 100 | 1 | _aSantini, Altero | |
| 245 | 1 | 0 |
_aMi laboratorio _bexperimentos científicos elementales sobre magnetismo y electricidad |
| 250 | _a1ª ed. | ||
| 260 |
_aBuenos Aires _bKapelusz _c1981 |
||
| 300 | 0 |
_a151 p. _bil. |
|
| 490 | 0 |
_aClub de ciencias _vv. 16 |
|
| 650 | 4 | _aENSENANZA DE LA CIENCIA | |
| 650 | 4 | _aEXPERIMENTOS CIENTIFICOS | |
| 650 | 4 | _aMAGNETISMO | |
| 650 | 4 | _aELECTRICIDAD | |
| 650 | 4 | _aLABORATORIOS | |
| 942 | _cBK | ||
| 998 | _cCarmen | ||
| 999 |
_c3502 _d3502 |
||